Rubens a jeho doba

Podrobná bibliografia
Hlavný autor: Avermaete, Roger, 1893-1988 (Autor)
Ďalší autori: Škanderová, Lea (Prekladateľ)
Médium: Kniha
Jazyk:slovenčina
francúzština
Fyzický popis:211, [16] s. obr. príl. fotogr. 21 cm
Vydavateľské údaje: Bratislava Smena 1968
Edícia:Životopisy
Predmet:

MARC

LEADER 00000cam a2200000 a 4500
001 vtls001159551
003 SK-MaSNL
005 20260301105034.0
008 250414s1968 xo 000 0dslo
015 |a SKSNBA1968/11-02202 
035 |a SNK000102457 
035 |a urn:nbn:sk:snk-amlqus 
035 |a urn:nbn:sk:snk-am00c2u0 
035 |a 27C171F5-9F5A-409A-A468-7491934611F7 
040 |a SNK  |b slo  |c SNK  |e AACR2 
041 1 |a slo  |h fre 
044 |a xo  |c SK 
072 7 |a 75  |x Maliarstvo  |2 konspekt 
080 |a 75.071.1  |2 2001 
080 |a 341.71  |2 2001 
080 |a (092)  |2 2001 
100 1 |a Avermaete, Roger, 1893-1988  |4 aut  |9 235802 
240 1 0 |a Rubens et son temps  |l Slovensky 
245 1 0 |a Rubens a jeho doba  |c Roger Avermaete ; z francúzskeho originálu Rubens et son temps ... preložila Lea Škanderová 
260 |a Bratislava  |b Smena  |c 1968  |e Žilina  |f Pravda 
300 |a 211, [16] s. obr. príl.  |b fotogr.  |c 21 cm 
490 0 |a Životopisy 
500 |a Preložené z francúzštiny 
600 1 7 |a Rubens, Peter Paul,  |d 1577-1640  |2 SNKMA  |9 235809 
650 0 7 |a maliari  |2 SNKPH  |9 3150 
650 0 7 |a diplomati  |2 SNKPH  |9 2220 
650 0 7 |a flámske maliarstvo  |2 SNKPH  |9 86373 
650 0 7 |a Painters  |2 SNKPHeng  |9 99679 
650 0 7 |a Diplomats  |2 SNKPHeng  |9 288721 
655 7 |a biografie  |2 SNKPH  |9 27965 
655 7 |a Biography  |2 SNKPHeng  |9 266314 
700 1 |a Škanderová, Lea  |4 trl  |9 205649 
852 |a Slovenská národná knižnica 
954 |a Rubens, Peter Paul 
954 |a odborná, vedecká literatúra cudzojazyčná (svetová)  |2 lita 
958 |a OND 
958 |a RK 
999 |c 699862  |d 701792 
952 |a SNK  |b SNK  |y VYP  |7 0  |p 17A0026926  |o snkSD 34141 D1  |i snkKSP 149/69  |0 0  |1 0  |4 0  |d 1996-12-17  |l 0  |r 2005-01-01 00:00:00  |w 2026-02-23 
952 |a SNK  |b SNK  |y PREZ  |7 0  |p 17A0862609  |o snkSD 34141  |0 0  |1 0  |4 0  |d 2013-08-09  |f 1  |l 0  |r 2026-02-23 20:54:19  |w 2026-02-23